01091nas a2200277Ia 4500001001600000003001000016008004100026040002500067041001300092100001900105210004300124222004300167245004900210250001100259260000900270501012300279300001600402362003100418500010600449650002300555700001100578942000700589957000600596999003300602952017800635A03/R027-42109 IT-MiCISF161014c99999999xx |||||||||||| ||und|| aIT-MiCISFcIT-MiCISF aITALIANO aOberto Giacomo aIl diritto di famiglia e delle persone aIl diritto di famiglia e delle persone 0aContratti di convivenza e diritti del minore a1a ed. c2006 bCISF - Centro Internazionale Studi Famiglia - Via Giotto, 36 20145 MILANO (non commercial uses only)cCopyright 2016 app. 240-250 an. 1, gennaio-marzo [2006] a Tema: diritti-bambino, modello-famiglia, legislazione, case-studies, figli-di-conviventi, convivenza aFAMIGLIAvarticolo aAA.VV. cCR 71 a42109bSig1c226479d226479 0010406A_03_000000000000000_R0274210971aCISFbCISFd2016-10-14l0oA03/R027-42109 r2016-10-14 00:00:00w2016-10-14yCRzData import 15.10.2016 / by Epidotti, Vaglietti